Pays de l'Europe - mort subite - Statistiques

Statistiques générales
  • Ce quiz a été pris 997 fois
  • Le résultat moyen est 17 sur 19
Answers on the Grid
Answers color-coded by a green-red scale on the quiz's grid according to % correct below.
Arménie
France
Saint marin
USA
Lettonie
Moldavie
Tunisie
Guyana
Allemagne
Espagne
Australie
Chine
Russie
Pologne
Japon
Vatican
Inde
Turquie
Islande
Grece
Arabie saoudite
Ukraine
Cambodge
Suede
Danemark
Croatie
Andorre
Monaco
Slovaquie
Albanie
 
Statistiques - réponses
Réponse % Correct
France
98%
Allemagne
93%
Espagne
93%
Lettonie
92%
Pologne
91%
Saint marin
87%
Vatican
87%
Danemark
86%
Grece
86%
Croatie
85%
Monaco
85%
Slovaquie
85%
Suede
85%
Islande
84%
Ukraine
84%
Albanie
83%
Andorre
83%
Moldavie
83%
Russie
81%
Aucun quiz correspondant
Distribution des résultats
% des personnes avec chaque résultat
Percentile par nombre de réponses
Votre historique - résultats
Vous n’avez pas pris ce quiz